00000000nam 2200000zi 4500
0019.947496
003CaOODSP
00520250131153949
006m     o  d f      
007cr bn|||||||||
008250129e197303  oncad   o    f000 0 eng d
040 |aCaOODSP|beng|erda|cCaOODSP
043 |an-cn---
0861 |aDR52-19/7-1973E-PDF
1001 |aHartlin, E. M., |eauthor.
24510|aDCIEM/DCGE arctic equipment evaluation program / |cE.M. Hartlin, G.W. Gray.
264 1|aDownsview, Ontario : |bDefence Research Board, Department of National Defence, Canada, |cMarch 1973.
300 |a1 online resource (iii, 36 pages) : |billustrations, graphs.
336 |atext|btxt|2rdacontent
337 |acomputer|bc|2rdamedia
338 |aonline resource|bcr|2rdacarrier
4901 |aDCIEM report ; |vno. 928
500 |aDigitized edition from print [produced by Defence R&D Canada].
650 0|aHousing|zArctic regions.
650 6|aLogement|zArctique.
7102 |aDefence and Civil Institute of Environmental Medicine (Canada), |eissuing body.
7101 |aCanada. |bDefence Research Board, |eissuing body.
7101 |aCanada. |bDepartment of National Defence, |eissuing body.
830#0|aDCIEM report ;|vno. 928.|w(CaOODSP)9.941842
85640|qPDF|s3.91 MB|uhttps://publications.gc.ca/collections/collection_2025/rddc-drdc/DR52-19-7-1973-eng.pdf